Answers Contain "Power" - Statistics

General Stats
  • This quiz has been taken 361 times
    17 since last reset
  • The average score is 13 of 18
Answer Stats
Hint Answer % Correct
Just a short snooze to regain energy Power nap
100%
Between a stroll and a jog Power walk
100%
What the USA is (or what Superman has?) Superpower
100%
Slogan of some African American activists Black Power
93%
Song by Huey Lewis...or Celine Dion The Power of Love
93%
Advantage of the unpenalized team Power play
87%
Slideshow software PowerPoint
87%
They are mighty and morphin Power Rangers
87%
International Man of Mystery Austin Powers
73%
Song by Public Enemy...or the Isley Brothers {Fight} the Power
73%
Just playing the first and fifth on a guitar Power chord
73%
Blossom, Bubbles, and Buttercup The Powerpuff Girls
73%
One of the five positions in basketball Power forward
67%
Authorization to act on another's behalf Power of attorney
67%
From fission or fusion Nuclear power
60%
1989 Nintendo hand accessory Power Glove
40%
American R&B-based horn section and band {Tower} of Power
40%
James Brown song...appropriately {Soul} Power
13%
No matching quizzes found
Score Distribution
Percent of People with Each Score
Percentile by Number Answered
Your Score History
You have not taken this quiz since the last reset